Historia de la etnología : (Record no. 144901)

MARC details
000 -CABECERA
campo de control de longitud fija 00703nam a2200229 u 4500
005 - FECHA Y HORA DE LA ÚLTIMA TRANSACCIÓN
campo de control 20210223131118.0
008 - ELEMENTOS DE LONGITUD FIJA--INFORMACIÓN GENERAL
campo de control de longitud fija 091001s2006 r 000 0 eng d
020 ## - NÚMERO INTERNACIONAL NORMALIZADO PARA LIBROS
Número Internacional Estándar del Libro 968859556X
035 ## - NÚMERO DE CONTROL DEL SISTEMA
Número de control de sistema UPN01000172797
049 ## - COLECCIÓN
Colección CG
050 #4 - SIGNATURA TOPOGRÁFICA DE LA BIBLIOTECA DEL CONGRESO
Número de clasificación GN330
Número de documento/Ítem P3.3p 2006
100 1# - ASIENTO PRINCIPAL--NOMBRE PERSONAL
Nombre de persona Palerm, Angel,
Fechas asociadas al nombre 1917-1980
245 10 - MENCIÓN DE TÍTULO
Título Historia de la etnología :
Resto del título los precursores /
Mención de responsabilidad, etc. Angel Palerm.
250 ## - MENCIÓN DE EDICIÓN
Mención de edición 3a ed.
260 ## - PUBLICACIÓN, DISTRIBUCIÓN, ETC.
Lugar de publicación, distribución, etc. México :
Nombre del editor, distribuidor, etc. Universidad Iberoamericana,
Fecha de publicación, distribución, etc. 2006.
300 ## - DESCRIPCIÓN FÍSICA
Extensión 298 p.
440 #0 - MENCIÓN DE SERIE/ASIENTO SECUNDARIO--TÍTULO
Título Teoría social
590 0# - NOTA LOCAL (RLIN)
Nota local "Bibliografía básica (BGTQ) , 2010"
590 0# - NOTA LOCAL (RLIN)
Nota local (También localizas un ejemplar en el "Area de reserva")
650 #4 - ASIENTO SECUNDARIO DE MATERIA - TERMINO TEMATICO
Término de materia o nombre geográfico como elemento de entrada ETNOLOGIA -
Subdivisión general HISTORIA
9 (RLIN) 13978
905 ## - TIPO DE MATERIAL
Tipo de material Libro
Holdings
Estado de retiro Estado de pérdida Fuente del sistema de clasificación o colocación Estado dañado Restricciones de uso No para préstamo Código de colección Localización permanente Ubicación/localización actual Ubicación en estantería Fecha de adquisición Clasificación Código de barras Fecha visto por última vez Número de copia Tipo de ítem Koha
    Library of Congress Classification   Préstamo por horas   Bibliografía básica Bib. Gregorio Torres Quintero Bib. Gregorio Torres Quintero Colecciones especiales Planta alta 30/01/2023 GN330 P3.3p 2006 266413 31/12/2020 1 Libro por horas